Central Library OPAC University of Rajshahi

Four continental plays : (Record no. 20346)

MARC details
000 -LEADER
fixed length control field 01154nam a22003012a 4500
001 - CONTROL NUMBER
control field 20346
003 - CONTROL NUMBER IDENTIFIER
rucl marc code BD-RjUL
005 - DATE AND TIME OF LATEST TRANSACTION
control field 20211209000543.0
008 - FIXED-LENGTH DATA ELEMENTS--GENERAL INFORMATION
fixed length control field 140227s1964 enk 001 0 eng d
035 ## - SYSTEM CONTROL NUMBER
System control number (BD-RjUL)20408
-- OCLC ocm00575846 from D950724M
040 ## - CATALOGING SOURCE
Original cataloging agency OWU
Transcribing agency OWU
Modifying agency BD-RjUL
Language of cataloging eng
041 ## - LANGUAGE CODE
Language code of text/sound track or separate title eng
082 ## - DEWEY DECIMAL CLASSIFICATION NUMBER
Classification number 832.6
Edition number 18
Author mark and year FOU 1964
100 1# - MAIN ENTRY--PERSONAL NAME
Personal name Allen, John
Dates associated with a name 1912-
9 (RLIN) 62713
245 10 - TITLE STATEMENT
Title Four continental plays :
Statement of responsibility, etc. edited with an introduction by John Allen
260 ## - PUBLICATION, DISTRIBUTION, ETC. (IMPRINT)
Place of publication, distribution, etc. London :
Name of publisher, distributor, etc. Heinmann,
Date of publication, distribution, etc. c1964.
300 ## - PHYSICAL DESCRIPTION
Pagination x, 149 p. ;
Size 19 cm
505 0# - FORMATTED CONTENTS NOTE
Formatted contents note Broken jug / Kleist -- Jar / Pirandello -- Wedding / Chekhov -- Poet / Niccodemi
650 #0 - SUBJECT ADDED ENTRY--TOPICAL TERM
Topical term or geographic name as entry element Drama
General subdivision Translations into English.
9 (RLIN) 62714
Topical term or geographic name as entry element Comedy
General subdivision Translations into English.
9 (RLIN) 62715
700 12 - ADDED ENTRY--PERSONAL NAME
Personal name Kleist, Heinrich von
Dates associated with a name 1777-1811.
Personal name Pirandello, Luigi
Dates associated with a name 1867-1936.
Personal name Chekhov, Anton Pavlovich
Dates associated with a name 1860-1904.
Personal name Niccodemi, Dario
Dates associated with a name 1877-1934.
942 ## - ADDED ENTRY ELEMENTS (KOHA)
Source of classification or shelving scheme Dewey Decimal Classification
Koha item type Books
Holdings
Lost status Source of classification or shelving scheme Damaged status Not for loan Collection code Permanent Location Current Location Shelving location Date acquired Source of acquisition Cost, normal purchase price Total Checkouts Full call number Date last seen Copy number Koha item type
  Dewey Decimal Classification   Not For Loan Fiction Central Library, University of Rajshahi Central Library, University of Rajshahi Reading Room 16/12/1969 Zetlinger 8.60   832.6 FOU 1964 27/02/2014 C-1 Books